MDQL
is popping MORE tags! Check the
thread
!
Quizzes
Events
Quiz Creation
Community
Videos
Private Events
Remove Ads
Sign In
Join for FREE
Feedback
Dark Mode
Quiz Categories
Sports
Geography
Music
Movies
Television
Just For Fun
Miscellaneous
History
Literature
Language
Science
Gaming
Entertainment
Religion
Holiday
For Kids
Quiz Lab
Recent
Popular Today
Quiz Kudos Today
Editor Picks
Curator Picks
Quizzes by...
Day
Popularity
Type
Ratings
Length
Year
Community
Subscriptions
Recent Discussions
Orange Saloon
Badges
Playlists
Quests
Create
Leaderboards
Showdown
Live 5
Trivia Bingo
Activity
Puzzle Library
Sporcle Events
Private Events
Virtual Trivia
Globe League
Become a Host
Pub Owners
SporcleCon
Opinionation
Our Games
Videos
Blog
Mobile Apps
Partnerships
Remove Ads and Go Orange
Feedback
Sports
Athletes
MLB
NBA
NHL
NFL
Soccer
Sports Teams
WWE
NCAA
Football
Premier League
Basketball
Baseball
Hockey
Golf
Tennis
Cricket
Rugby
Auto Racing
Olympics
World Cup
Sports
Athletes
MLB
NBA
NHL
NFL
Soccer
Sports Teams
WWE
NCAA
Football
Premier League
Basketball
Baseball
Hockey
Golf
Tennis
Cricket
Rugby
Auto Racing
Olympics
World Cup
Random Quiz
Search Sporcle
×
Quiz Lab
Quiz Lab
Sports
Letter
Type in answers that appear in a list
Type in answers that appear in a list
Classic
Best Score? Go Orange.
Anaheim Ducks A-Z Stats
Can you name the Anaheim Ducks A-Z?
By
lyssos
10m
26 Questions
130 Plays
130 Plays
130 Plays
Comments
Comments
Give Quiz Kudos
Give Quiz Kudos
-
- Ratings
hide this ad
Replay
Link that replays current quiz
Next Quiz
Link to next quiz in quiz playlist
You Got
0%
They Got
Avg Score
58%
Avg Friend Score
Upgrade to see
Score Distribution
Jump to the score distribution portion of the page
Score
0/26
Timer
10:00
0
Plays Today
clue
answer
% Correct
Division
Pacific
86.9%
First name of Swiss goaltender
Jonas
84.6%
Last name of former captain
Niedermayer
83.1%
City where Teemu Selanne has borned
Helsinki
80.8%
Lubomir Visnovsky's country
Slovakia
80.8%
Last name of coach
Carlyle
78.5%
Ducks eliminated in the _
_
_
_
_
_
_
_
_
in six games by the Stars in 2008.
Quarterfinals
78.5%
First name of former defenseman Tverdovsky
Oleg
77.7%
First name of Swiss defenseman Sbisa
Luca
76.9%
Team who plays in the same division
Dallas Stars
76.2%
Former name
Mighty Ducks of Anaheim
74.6%
Last name of #1 pick in the first draft
Kariya
66.2%
Former arena
Arrowhead Pond of Anaheim
63.1%
clue
answer
% Correct
First name of former goalkeeper
Guy
60.8%
Birth country of former Ducks player Steve Thomas
United Kingdom
59.2%
Mascot
Wild Wing
59.2%
Last name of the third best point getter of ducks
Rucchin
58.5%
Joined in the NHL in 1993 with this team
Florida Panthers
57.7%
First name of Stanley cup winning goal scorer 2007
Travis
42.3%
Last name of # 33
Blake
38.5%
Last name of player who scored three goals in the third period against Ducks in 2009/
10.
Zetterberg
36.9%
Last name of former finnish player. Write it backwards.
irruK
36.2%
One of the current player has an X on his name. Who? Write his last name.
Sexton
25.4%
Last name of former American player
Young
20%
Last name of the former ducks player who have the most penalty minutes in one season
Ewen
17.7%
Last name of #34
Voros
11.5%
Quiz Playlist
Details
Report
Send in Message
Add To Playlist
Classic:
Type in answers that appear in a list
Last Updated: Feb 16, 2017
Quiz Scoreboard
CHALLENGE
Sign Up to Join the Scoreboard
Show All
Scores
Hide
Comments
May contain spoilers
Recently Published
Colored Red Africa Blitz
by spor1
Geography
30s
Find the 'City' Movie
by crazypaving
Movies
60s
5x2 Blitz: Bands
by SL_Kpop136
Music
30s
More to Explore
Quiz From the Vault
Featured Blog Post
14 Easter Pick-up Lines to Find Eggs With
hide this ad
You Might Also Like...
Tags
Letter Quiz
A-Z
Anaheim Ducks
duck
Today's Top Quizzes in Sports
Browse Sports
hide this ad
Today's Top Quizzes in Letter
Browse Letter
Top Contributed Quizzes in Sports
1
Les entraîneurs de l'OM et du PSG au 21e siècle
2
Les meilleurs buteurs des matchs entre le PSG et l’OM
3
Les joueurs passés par le PSG et l'OM
4
Players with Multiple 50 Home Run Seasons
5
2022 World Cup Stars
6
Criteria MLB: Left Handed Sluggers
7
NBA Logic Puzzle 2.0
8
MLB Players with Two .350 Batting Average Seasons
9
Top 10 NHL Goal Scorers of All Time
10
Les joueurs passés par le LOSC et le RC Lens
Explore More
Trending Topics
NBA
Kpop
Crossword
Marvel
Anime
Harry Potter
Disney
Puzzle
Song
WWE
Soccer
The Office
Country
NFL
Pokémon
hide this ad
More By:
lyssos
Quiz
Plays
Rating
Category
Featured
Created
Boston Bruins A-Z
415
1.25
Sports
Dec 7, 2010
Colorado Avalanche A-Z
331
4.67
Sports
Dec 14, 2010
Chicago Blackhawks A-Z
320
1.33
Sports
Dec 9, 2010
nhl starting line ups 2010-11
265
2.33
Sports
Oct 11, 2010
SM-liigan kapteenit 2010-11
170
Sports
Oct 12, 2010
Go to Creator's Profile
Score Distribution
Quiz Creator Spotlight
lyssos
Follow
Send a Message
Quizzes Created
-
Created Quiz Play Count
-
More By This Creator
Popular Quizzes Today
1
Colored Red Africa Blitz
2
Find the 'City' Movie
3
5x2 Blitz: Bands
4
Find the US States - No Outlines Minefield
5
The Countries of the World
6
Find the US States
7
US States
8
Find the Countries of Europe - No Outlines Minefield
More Sports Quizzes
First World Cup Host In Each Continent
Quiz Lab
Trending Quizzes
Colored Red Europe Blitz I
Colored Red Europe Blitz II
Colored Red Africa Blitz II
Colored Red Europe Blitz III
Colored Red Africa Blitz III
Recently Updated
How Do You Spell That?
pecheneg
Godzilla Movies
pecheneg
Grab Bag: 4-10 Letters
pecheneg
2024 March Madness Bracket
pecheneg
Famous TV Couples
Peacemaker
Champions League XIs: Real Madrid
pecheneg
Largest US Cities 1790-2010
pecheneg
Rides in Walt Disney World
pecheneg
Most Oscar Losses (Acting)
pecheneg
Beyoncé Albums
pecheneg
Trending Topics
Marvel
Anime
Disney
Crossword
Kpop
NBA
Harry Potter
Puzzle
Song
Country
NFL
Pokémon
WWE
Soccer
The Office
Your Account Isn't Verified!
In order to create a playlist on Sporcle, you need to verify the email address you used during registration. Go to your
Sporcle Settings
to finish the process.
Report this User
Report this user for behavior that violates our
Community Guidelines
.
Details:
Send Report
Go to the Sporcle.com Mobile Site →
Comments